| 000 | 01078cab a2200337 4500 | ||
|---|---|---|---|
| 001 | WB3006-34 | ||
| 008 | 090401t1994 xxu||||| |||| 00| 0 eng d | ||
| 035 | _a(Sirsi) u67116 | ||
| 041 | _aeng | ||
| 245 | _aGuidance to cut mortgage blight | ||
| 260 | _c1994 | ||
| 350 | _a0 | ||
| 490 |
_aCSM (Chartered Surveyor Monthly) _v3(5) February 1994, 5(1) |
||
| 520 | _a"The mundic problem - a guidance note" provides details on investigation of concrete-built properties in Devon and Cornwall. The guidance has been approved by CML and will be published in the White Book. | ||
| 650 | _aBUILT ENVIRONMENT-BUILDING MATERIALS | ||
| 650 | _aCONCRETE | ||
| 650 | _aCORNWALL | ||
| 650 | _aDELETERIOUS MATERIALS | ||
| 650 | _aDEVON | ||
| 650 | _aGUIDANCE NOTES | ||
| 650 | _aMANUAL OF VALUATION | ||
| 650 | _aMORTGAGE VALUATIONS | ||
| 650 | _aMORTGAGES | ||
| 650 | _aMUNDIC BLOCK | ||
| 650 |
_aValuation _96273 |
||
| 650 | _aWHITE BOOK | ||
| 690 | _aBUILT ENVIRONMENT-BUILDING PATHOLOGY | ||
| 690 | _aRATING AND VALUATION | ||
| 942 | _n0 | ||
| 948 | _c04/03/1997 | ||
| 999 |
_c41990 _d41990 |
||